Statistics for Dunyo mamlakatlari - O'zbek

Click here to take the quiz!

General Stats

  • This quiz has been taken 8 times
  • The average score is 101 of 196

Answers on the Map

Answers color-coded by a green-red scale on the quiz's map according to % correct below.
Loading ...
 

Answer Stats

Answer% Correct
Afgʻoniston
67%
Albaniya
67%
Amerika Qo'shma Shtatlari
67%
Andorra
67%
Angola
67%
Antigua va Barbuda
67%
Argentina
67%
Armaniston
67%
Avstriya
67%
Bahrayn
67%
Barbados
67%
Belarusiya
67%
Belgiya
67%
Beliz
67%
Benin
67%
Birlashgan Qirollik
67%
Boliviya
67%
Bosniya va Gersegovina
67%
Botsvana
67%
Braziliya
67%
Bruney
67%
Burkina Faso
67%
Butan
67%
Chili
67%
Daniya
67%
Dominika
67%
Dominika Respublikasi
67%
Ekvador
67%
El Salvador
67%
Eritreya
67%
Estoniya
67%
Fiji
67%
Filippin
67%
Finlandiya
67%
Fransiya
67%
Gabon
67%
Gambiya
67%
Gana
67%
Gayana
67%
Germaniya
67%
Grenada
67%
Gvatemala
67%
Gvineya
67%
Gvineya-Bisau
67%
Hindiston
67%
Irlandiya
67%
Islandiya
67%
Ispaniya
67%
Italiya
67%
Janubiy Afrika
67%
Janubiy Koreya
67%
Janubiy Sudan
67%
Kameron
67%
Kanada
67%
Keniya
67%
Kipr
67%
Kiribati
67%
Komor
67%
Kongo Demokratik Respublikasi
67%
Kongo Respublikasi
67%
Kosovo
67%
Kosta-Rika
67%
Kuba
67%
Laos
67%
Latviya
67%
Liberiya
67%
Liviya
67%
Lyuksemburg
67%
Madagaskar
67%
Malavi
67%
Maldiv
67%
Mali
67%
Malta
67%
Mikroneziya
67%
Mongoliya
67%
Mozambik
67%
Myanma
67%
Namibiya
67%
Nauru
67%
Nepal
67%
Niger
67%
Nigeriya
67%
Nikaragua
67%
Norvegiya
67%
O'zbekiston
67%
Palau
67%
Panama
67%
Paragvay
67%
Peru
67%
Pokiston
67%
Portugaliya
67%
Qatar
67%
Quvayt
67%
Rossiya
67%
Samoa
67%
Senegal
67%
Sent Kitts va Nevis
67%
Serbiya
67%
Seyshell Orollari
67%
Shimoliy Koreya
67%
Shri Lanka
67%
Singapur
67%
Slovakiya
67%
Sloveniya
67%
Somali
67%
Sudan
67%
Surinam
67%
Suriya
67%
Tanzaniya
67%
Tayvan
67%
Togo
67%
Tonga
67%
Trinidad va Tobago
67%
Tunis
67%
Turkiya
67%
Turkmaniston
67%
Tuvalu
67%
Ukraina
67%
Ummon
67%
Urugvay
67%
Vanuatu
67%
Venesuela
67%
Vyetnam
67%
Yaman
67%
Yaponiya
67%
Zambiya
67%
Zimbabve
67%
Avstraliya
33%
Bagama orollari
33%
Bangladesh
33%
Birlashgan Arab Amirliklari
33%
Bolgariya
33%
Burundi
33%
Chad
33%
Efiopiya
33%
Eron
33%
Esvatini
33%
Gaiti
33%
Gonduras
33%
Gruziya
33%
Indoneziya
33%
Iroq
33%
Jibuti
33%
Kambodja
33%
Kot-d'Ivuar
33%
Lesoto
33%
Litva
33%
Livan
33%
Lixtenshteyn
33%
Malayziya
33%
Marshall Orollari
33%
Mavritsiya
33%
Meksika
33%
Misr
33%
Moldova
33%
Monako
33%
Niderlandiya
33%
Papua Yangi Gvineya
33%
Polsha
33%
Ruanda
33%
Ruminiya
33%
San Marino
33%
San Tome va Prinsipi
33%
Saudiya Arabistoni
33%
Sent Lyusiya
33%
Sent Vinsent va Grenadinlar
33%
Shimoliy Makedoniya
33%
Solomon Orollari
33%
Tailand
33%
Tojikiston
33%
Uganda
33%
Vatikan
33%
Xitoy
33%
Xorvatiya
33%
Yamayka
33%
Yangi Zelandia
33%
Chernogoriya
0%
Chexiya
0%
Ekvator Gvineyasi
0%
Gretsiya
0%
Iordaniya
0%
Isroil
0%
Jazoir
0%
Kabo Verde
0%
Kalumbiya
0%
Markaziy Afrika Respublikasi
0%
Marokash
0%
Mavritaniya
0%
Ozarbayjon
0%
Qirg'iziston
0%
Qozog'iston
0%
Sharqiy Timor
0%
Shvetsiya
0%
Shveysariya
0%
Syerra-Leone
0%
Vengriya
0%

Score Distribution

Percentile by Number Answered

Percent of People with Each Score

Your Score History

You have not taken this quiz